000 00462nam a22001697a 4500
005 20180205102243.0
008 160429b xxu||||| |||| 00| 0 eng d
020 _a81-2970360-2
041 _aeng
082 _b00799
_a005.133
100 _aFoxall, James
_9230
245 _aSAMS Teach Yourself Microsoft Visual C#.NET 2003 in 24 hours
260 _aNew Delhi
_bPearson Education,
_c2004
300 _a571
650 _aInformation Technology
_9137
942 _cBK
999 _c263
_d263